Systémovosť vo formovaní hospodárskej teórie
V príspevku sa načrtávajú možnosti a požiadavky na zásadný prienik systémových princípov do postupov vedeckého poznávania a praktickej racionalizácie v hospodárskej oblasti. Systémové východisko v poznávaní hospodárstva spočíva v jeho ohraničení, vymedzení jeho vzťahov s kultúrou a prírodou, rozlíše...
Guardado en:
| Autor principal: | |
|---|---|
| Formato: | Capítulo de libro |
| Lenguaje: | eslovaco |
| Materias: | |
| Etiquetas: |
Sin Etiquetas, Sea el primero en etiquetar este registro!
|
MARC
| LEADER | 00000nla a2200000 4500 | ||
|---|---|---|---|
| 001 | 0179682 | ||
| 005 | 20240502073044.0 | ||
| 041 | 0 | |a slo | |
| 044 | |a SK | ||
| 245 | 1 | 0 | |a Systémovosť vo formovaní hospodárskej teórie |c Vladimír Choluj |
| 520 | |a V príspevku sa načrtávajú možnosti a požiadavky na zásadný prienik systémových princípov do postupov vedeckého poznávania a praktickej racionalizácie v hospodárskej oblasti. Systémové východisko v poznávaní hospodárstva spočíva v jeho ohraničení, vymedzení jeho vzťahov s kultúrou a prírodou, rozlíšení jeho hierarchickej štruktúry, v tom reálneho a formálneho hospodárstva, ako aj v doplnení predstavy o jeho reprodukčných štádiách. | ||
| 610 | 2 | 0 | |a ekonómia |
| 610 | 2 | 0 | |a vedomosti |
| 610 | 2 | 0 | |a veda ekonomická |
| 610 | 2 | 0 | |a teórie ekonomické |
| 100 | 1 | |a Choluj, Vladimír | |